Emploi des machines a commande numerique /

Bibliographic Details
Main Author: Bézier, Pierre
Format: Book
Language:French
Published: Paris : Masson, 1970.
Series:Collection du Conservatoire national des arts et métiers.
Subjects:

MARC

Tag First Indicator Second Indicator Subfields
LEADER 00000cam a2200000 4500
001 in00000095654
005 20150925085456.0
008 800401s1970 fr a b 00010 fre
010 |a  79473251  
015 |a F*** 
035 |a (OCoLC)06153348 
035 |9 AAL1871AM 
040 |a DLC  |c TXA  |d UtOrBLW 
049 |a TXAM  |c [1122718] 
050 0 |a TJ1189  |b .B47 
100 1 |a Bézier, Pierre. 
245 1 0 |a Emploi des machines a commande numerique /  |c par P. Bezier. Pref. de P. Nicolau. 
264 1 |a Paris :  |b Masson,  |c 1970. 
300 |a x, 223 pages :  |b illustrations ;  |c 25 cm. 
336 |a text  |b txt  |2 rdacontent 
337 |a unmediated  |b n  |2 rdamedia 
338 |a volume  |b nc  |2 rdacarrier 
490 1 |a Collection du Conservatoire national des arts et metiers 
504 |a Includes bibliographies. 
650 0 |a Machine-tools  |x Numerical control. 
830 0 |a Collection du Conservatoire national des arts et métiers. 
999 |a MARS 
999 f f |s cff40108-20bf-3128-b2fc-57cce1588903  |i eb3fa5ee-4f4c-3f36-8adf-98e2ad761089  |t 0 
952 f f |p ric  |a Texas A&M University  |b Rellis Campus  |c Joint Library Facility  |d Remote Storage  |t 0  |e TJ1189 .B47  |h Library of Congress classification  |i unmediated -- volume  |m A14805452209 
998 f f |a TJ1189 .B47  |t 0  |l Remote Storage